Train to Somewhere / (Record no. 491)

MARC details
000 -LEADER
fixed length control field 01323pam a2200277 a 4500
005 - DATE AND TIME OF LATEST TRANSACTION
control field 20230428144252.0
020 ## - INTERNATIONAL STANDARD BOOK NUMBER
International Standard Book Number 0395713250
040 ## - CATALOGING SOURCE
Original cataloging agency DLC
Transcribing agency DLC
Modifying agency DLC
-- FISKH
Language of cataloging eng
050 00 - LIBRARY OF CONGRESS CALL NUMBER
Classification number PZ7.B91527
Item number Tq 1996
082 00 - DEWEY DECIMAL CLASSIFICATION NUMBER
Classification number 808.068
Edition number 20
100 1# - MAIN ENTRY--PERSONAL NAME
Personal name Bunting, Eve,
Dates associated with a name 1928-
245 10 - TITLE STATEMENT
Title Train to Somewhere /
Statement of responsibility, etc. by Eve Bunting ; illustrated by Ronald Himler.
260 ## - PUBLICATION, DISTRIBUTION, ETC.
Place of publication, distribution, etc. New York :
Name of publisher, distributor, etc. Clarion Books,
Date of publication, distribution, etc. 1996.
300 ## - PHYSICAL DESCRIPTION
Extent 32 pages :
Other physical details color illustrations ;
Dimensions 24 x 28 cm.
505 ## - FORMATTED CONTENTS NOTE
Formatted contents note K
520 ## - SUMMARY, ETC.
Summary, etc. Marianne, heading west with fourteen other children on an Orphan Train, is sure her mother will show up at one of the stations along the way. When her mother left Marianne at the orphanage, hadn't she promised she'd come for her after making a new life in the West? Stop after stop goes by, and there's no sign of her mother in the crowds that come to look over the children. No one shows any interest in adopting shy, plain Marianne, either. But that's all right: She has to be free for her mother to claim her.
521 ## - TARGET AUDIENCE NOTE
Target audience note 610 <br/>
Source Lexile
521 ## - TARGET AUDIENCE NOTE
Target audience note K <br/>
Source Raz-Plus
650 #1 - SUBJECT ADDED ENTRY--TOPICAL TERM
Topical term or geographic name entry element Orphans
General subdivision Fiction.
650 #1 - SUBJECT ADDED ENTRY--TOPICAL TERM
Topical term or geographic name entry element Orphan trains
General subdivision Fiction.
700 1# - ADDED ENTRY--PERSONAL NAME
Personal name Himler, Ronald,
Relator term ill.
906 ## - LOCAL DATA ELEMENT F, LDF (RLIN)
a 7
b cbc
c orignew
d 1
e ocip
f 19
g y-gencatlg
942 ## - ADDED ENTRY ELEMENTS (KOHA)
Source of classification or shelving scheme Dewey Decimal Classification
Koha item type Books
Suppress in OPAC No
999 ## -
-- 491
-- 491
Holdings
Withdrawn status Lost status Source of classification or shelving scheme Damaged status Not for loan Collection Home library Current library Shelving location Date acquired Total Checkouts Full call number Barcode Date last seen Date last checked out Price effective from Koha item type
    Dewey Decimal Classification     Juvenile Fiction Footprints International School Library Network Toul Kork Campus Footprints International School Library Network Toul Kork Campus TK Primary Library Room(4th Floor), Bookcase 3&4, Shelves 17-32, Yellow Books 04/28/2023 2 BUN 808.068 PZ7.B91527 FISTK02442 03/05/2025 09/04/2024 04/28/2023 Books